Perfect eight / (Record no. 38973)

MARC details
000 -LEADER
fixed length control field 02278nam a22003377a 4500
005 - DATE AND TIME OF LATEST TRANSACTION
control field 20100803142814.0
010 ## - LCCN (DPL NO)
LC control number ENG-97877 B-423982-989
020 ## - INTERNATIONAL STANDARD BOOK NUMBER
International Standard Book Number 9789380032870
Terms of availability 200.00
035 ## - SYSTEM CONTROL NUMBER
System control number EN-81410
035 ## - SYSTEM CONTROL NUMBER
System control number B-423982-989
037 ## - SOURCE OF ACQUISITION
Source of stock number/acquisition DBAD/PUB
037 ## - SOURCE OF ACQUISITION
Source of stock number/acquisition Researchco Book Centre
082 ## - DEWEY DECIMAL CLASSIFICATION NUMBER
Classification number N
100 ## - MAIN ENTRY--PERSONAL NAME
Personal name Moudgil,Reema
245 ## - TITLE STATEMENT
Title Perfect eight /
Statement of responsibility, etc by Reema Moudgil
260 ## - PUBLICATION, DISTRIBUTION, ETC. (IMPRINT)
Place of publication, distribution, etc New Delhi
Name of publisher, distributor, etc Tranquebar Press
Date of publication, distribution, etc 2010
270 ## - ADDRESS
Address 47 Brij mohan Road Daryaganj
City New Delhi
Postal code 110002
300 ## - PHYSICAL DESCRIPTION
Extent 252p
Dimensions 19cm(pbk)
650 ## - SUBJECT ADDED ENTRY--TOPICAL TERM
Topical term or geographic name as entry element Fiction
942 ## - ADDED ENTRY ELEMENTS (KOHA)
Source of classification or shelving scheme Dewey Decimal Classification
Item type English Books
Classification part N
Call number suffix MOU
Holdings
Withdrawn status Lost status Not for loan Collection code Home library Current library Date acquired Source of acquisition Cost, normal purchase price Full call number Barcode Copy number Cost, replacement price Koha item type
      Non-fiction Central Library Central Library 05/08/2011 Researchco Book Centre/RBC-22385/2011-12/14.3.11/76/4.3.11/21.3.11 200.00 N MOU B-423982 2 200.00 English Books
      Non-fiction Central Library Central Library 05/08/2011 Researchco Book Centre/RBC-22385/2011-12/14.3.11/76/4.3.11/21.3.11 200.00 N MOU B-423983 2 200.00 English Books
    Not For Loan Fiction D.B.Act.Division D.B.Act.Division 03/08/2010 DBAD/PUB 200.00 N MOU EN-81410 1 200.00 English Books
      Non-fiction Mobile Library Mobile Library 05/08/2011 Researchco Book Centre/RBC-22385/2011-12/14.3.11/76/4.3.11/21.3.11 200.00 N MOU B-423984 5 200.00 English Books
      Non-fiction Mobile Library Mobile Library 05/08/2011 Researchco Book Centre/RBC-22385/2011-12/14.3.11/76/4.3.11/21.3.11 200.00 N MOU B-423985 5 200.00 English Books
      Non-fiction Mobile Library Mobile Library 05/08/2011 Researchco Book Centre/RBC-22385/2011-12/14.3.11/76/4.3.11/21.3.11 200.00 N MOU B-423986 5 200.00 English Books
      Non-fiction Mobile Library Mobile Library 05/08/2011 Researchco Book Centre/RBC-22385/2011-12/14.3.11/76/4.3.11/21.3.11 200.00 N MOU B-423987 5 200.00 English Books
      Non-fiction Mobile Library Mobile Library 05/08/2011 Researchco Book Centre/RBC-22385/2011-12/14.3.11/76/4.3.11/21.3.11 200.00 N MOU B-423988 5 200.00 English Books
      Non-fiction Sarojini Nagar Sarojini Nagar 05/08/2011 Researchco Book Centre/RBC-22385/2011-12/14.3.11/76/4.3.11/21.3.11 200.00 N MOU B-423989 1 200.00 English Books

© Delhi Public Library
Hit Counter
free hit counter